00311nam a2200097Ia 4500008004100000245006700041245003600108260000900144650001200153856004800165171211s9999 xx 000 0 und d aNutrition and Fitness: Cultural, Genetic and Metabolic Aspects cA.P. Simopoulos and B. Koletzko c2008 xFITNESS uhttp://down.ebook777.com/061/3805585306.pdf